000 00251nam a22001217a 4500
003 OSt
008 250106b |||||||| |||| 00| 0 eng d
041 _aeng
100 _aKiran
_96792
245 _aClark's Table
260 _aCalicut:
_bTBS
942 _cBK
999 _c18957
_d18957